00731nam a2200253 a 4500001001300000003000900013005001700022008004100039020001000080082001700090100001700107245004200124260003500166300000900201500003500210505002800245650002100273650001900294700001700313902000800330942000700338952011700345999001500462nice12345678IN_TiNIC20260116011359.0050524s1864 bara grp 000 0 per  ac10000a616.927bGHU aGhulam, Imam aIlajul Ghurbab Treatment of the Poor aBarailybMatba-E-Siddiqic1864 a294p aincludes index and biblioraphy2 aHand Written Manuscript aMedicine-Arabian aMedicine-Unani1 aGhulam, Imam bSRS cBK 001040708StackRoom-aHMIbHMId2007-06-12g100.00l0o616.927 GHUp04938r2007-06-12v100.00w2005-05-24yBK c1026d1026